000 00481nam a22001577a 4500
999 _c7307
_d7307
003 GBCCL
005 20241126110625.0
008 180726b ||||| |||| 00| 0 eng d
040 _cGBC
082 _aVER 390.08
_bPAI
245 _aPaite Pupa Ngeina 1986:
_bThe Paite Customary Laws 1986 (the code of Paite customs) /
260 _aChurachandpur:
_bPaite National Council,
_c1986.
300 _a42 p.,
_c20 cm x 13 cm.
650 _aCustom - Paite - India
_912954
942 _2ddc
_cBK
_07